000 00887nas a2200313 4500
001 BR0701311
003 BR-BrBNA
005 20231205110637.0
007 ta
008 230509b bl.|||p| |||| 00| 00por d
040 _aBR-BrBNA
_bpor
_cBiblioteca Nacional de Agricultura
041 _a(Pt)
072 _aH10; H20
100 1 _aPimentel, I.C.
100 1 _aKuczkowski, F.R.
100 1 _aChime, M.A.
100 1 _aAuer, C.G.
100 1 _aGrigoletti Junior, A.
245 1 _aFungos endofíticos em folhas de erva-mate (Ilex paraguariensis A. St.-Hil.)
650 _aMATE
650 _aFOLHA
650 _aMICOLOGIA
650 _aFUNGO
650 _aDOENÇA DE PLANTA
650 _aPRAGA DE PLANTA
773 0 _tFloresta (Brazil)
_xISSN 0015-3826
_g(Jan-Apr 2006), v. 36(1) p. 123-128
_wBR0701311
909 _a202311
_bLúcia
_c55
_dLúcia Elande
942 _2AGRIS
_n0
_cANA
999 _c188338
_d188338